000
00213nam a22000977a 4500
999
_c
16086
_d
16086
003
OSt
008
191029b ||||| |||| 00| 0 eng d
100
_a
nandanar
_9
4535
245
_a
Oru kudumbam pirakunnu
942
_c
BK